000 00666nam a22002057a 4500
008 260131b |||||||| |||| 00| 0 eng d
020 _a0646031023
040 _aCUZ
_beng
_crda
_dCUZ
_erda
050 _aHD59.Y68YOU
100 _aMark Geoffrey Young
245 _aHow to promote your business :
_bThe easy guide to public relations
_cby Mark Geoffrey Young
264 _aStrathfield
_bSmall business promotions
_c©1991
300 _a128pages
336 _atext
_btxt
337 _aunmediated
_bn
338 _2rdacarrier
500 _aincludes index
650 _aPublic relations
_a Relations public
942 _cOS
_i59.Y68
_kHD
999 _c45513
_d45513